| 000 | 00571nam a2200181Ia 4500 | ||
|---|---|---|---|
| 008 | 090201s9999 xx 000 0 und d | ||
| 010 | _aKPL-66220 | ||
| 040 | _bमराठी | ||
| 041 | _aमराठी | ||
| 082 |
_a478 _b66220 |
||
| 100 | _aसुरेश वैद्य | ||
| 245 |
_aअसंही अन् तसंही _cसुरेश वैद्य |
||
| 250 | _a1 | ||
| 260 |
_c2003 _bचंद्रमोळी प्रकाशन |
||
| 300 |
_a172 _bलहान |
||
| 600 | _aअसंही अन् तसंही | ||
| 942 | _cBOOK | ||
| 999 |
_c201606 _d201606 |
||